000 00576nam a2200193Ia 4500
003 GCL
008 140319s9999 xx 000 0 ara d
040 _aGCL /
_cGCL
082 0 4 _a808.83
_bد ه
100 1 _aقسم التاليف والترجمة
245 1 0 _aالهاربون /
_cقسم التاليف والترجمة
260 _a[S.N] :
_bمؤسسة الايمان ،
_c1990
300 _a127 ص
490 _aسلسلة عبر العصور
_v0
650 0 4 _aالقصص القصيرة
650 0 4 _aالقصص
650 0 4 _aالمجموعات
942 _2ddc
_cBK
999 _c38308
_d38308